|
|
|
|
| LEADER |
01583nam a2200313 a 4500 |
| 001 |
GR-Patra29592 |
| 003 |
GR-PaULI |
| 008 |
100204s2009 gr gz 000 0 gre d |
| 040 |
|
|
|a GrPaTEI
|b gre
|c GR-PaULI
|
| 040 |
|
|
|a GrPaTEI
|b gre
|c GR-PaULI
|
| 100 |
1 |
|
|a Ζήκα, Ελένη
|
| 245 |
1 |
0 |
|a Γνώσεις και αντιλήψεις εφήβων και νέων ηλικίας 12-25 ετών σε οτι αφορά τα σεξουαλικώς μεταδιδόμενα νοσήματα /
|c Επιμέλεια: Ζήκα Ελένη, Μπουζαλά Νικολέτα ; Επιβλέπουσα: Λέφα Βαρβάρα.
|
| 260 |
|
|
|a Πάτρα :
|b ΤΕΙ Πάτρας,
|c 2009
|
| 300 |
|
|
|a 209 σ. :
|b εικ. εγχ., πιν., σχεδ.
|
| 504 |
|
|
|a Βιβλιογραφία: σ. 185
|
| 650 |
|
4 |
|a ΑΦΡΟΔΙΣΙΑ ΝΟΣΗΜΑΤΑ
|
| 650 |
|
4 |
|a Έφηβοι
|x Σεξουαλική αγωγή
|
| 650 |
|
4 |
|a Πτυχιακή εργασία
|y 2009
|
| 700 |
1 |
|
|a Λέφα, Βαρβάρα
|
| 700 |
1 |
|
|a Μπουζαλά, Νικολέτα
|
| 710 |
0 |
|
|a Σ.Ε..Υ.Π..
|b Τμήμα Νοσηλευτικής
|
| 710 |
0 |
|
|a ΤΕΙ Πάτρας
|
| 856 |
4 |
0 |
|u https://nereus.library.upatras.gr/formerpat/ptyxiakes/seyp/seyp_nos/2006-2010/7673pe.pdf
|
| 907 |
|
|
|a .b26771640
|b 07-10-20
|c 26-09-16
|
| 942 |
|
|
|2 ddc
|b LISK
|c ERST
|x GrPaTEI
|
| 952 |
|
|
|0 0
|1 0
|4 0
|7 0
|9 349391
|a LISK
|b LISK
|d 2021-11-12
|l 0
|r 2021-11-12 00:00:00
|w 2021-11-12
|y ERST
|x Μεταφορά από πΤΕΙ Δυτικής Ελλάδος
|
| 981 |
|
|
|p atra29592
|
| 998 |
|
|
|a 24
|b 15-01-16
|c m
|d u
|e -
|f gre
|g gr
|h 0
|
| 999 |
|
|
|c 203823
|d 203823
|